Chant de Noël - Douce Nuit - Paroles - Statistiques

Statistiques générales
  • Ce quiz a été pris 15 fois
  • Le résultat moyen est 8 sur 24
Statistiques - réponses
Paroles % Correct
Douce nuit, sainte {nuit} !
100%
Cet enfant sur la {paille} endormi
62%
Dans les cieux l'{astre} luit
54%
Le mystère annoncé s'{accomplit}
54%
Qu'il est grand, qu'il est {beau} !
54%
C'est l'amour {infini}
46%
C'est l'amour {infini}
46%
Des bergers conduisent leurs {troupeaux}
46%
Qu'il soit Roi pour {toujours} !
38%
Qu'il soit Roi pour {toujours} !
38%
Jésus souffre pour {toi} !
31%
Jésus souffre pour {toi} !
31%
Quel accueil pour un {Roi} !
31%
De ce monde ignorant de l'{amour}
23%
En un don sans {retour}
23%
Point d'abri, point de {toit} !
23%
Saint enfant, doux {agneau} !
23%
C'est vers nous qu'il {accourt}
15%
Entendez résonner les {pipeaux}
15%
Où commence aujourd'hui son {séjour}
15%
Vers son humble {berceau} !
15%
Vers son humble {berceau} !
15%
Dans sa {crèche} il grelotte de froid
8%
O pêcheur, sans attendre la {croix}
8%
Aucun quiz correspondant
Distribution des résultats
% des personnes avec chaque résultat
Percentile par nombre de réponses
Votre historique - résultats
Vous n’avez pas pris ce quiz